000 00544nam a2200217Ia 4500
003 OSt
005 20230509163312.0
008 210423s2005 xx 000 0 und d
020 _a8123909691
040 _cAL
041 _aeng
082 _a574.192028
_223
_b VARH
100 _aVARLEY (Harold).
_9101656
245 _aPractical clinical biochemistry.
250 _a4
260 _aNew Delhi
_bCBS Publications
_c2005
300 _ax,802
_bPB
365 _b270
_cINR
906 _abiochemistry ; clinical ; Practical
942 _2ddc
_cBK
999 _c164073
_d164073